Quizzes
Events
Quiz Creation
Community
Videos
Private Events
Remove Ads
Sign In
Join for FREE
Feedback
Dark Mode
Quiz Categories
Sports
Geography
Music
Movies
Television
Just For Fun
Miscellaneous
History
Literature
Language
Science
Gaming
Entertainment
Religion
Holiday
For Kids
Quiz Lab
Recent
Popular Today
Quiz Kudos Today
Editor Picks
Curator Picks
Quizzes by...
Day
Popularity
Type
Ratings
Length
Year
Community
Subscriptions
Recent Discussions
Orange Saloon
Badges
Playlists
Quests
Create
Leaderboards
Showdown
Live 5
Trivia Bingo
Activity
Puzzle Library
Sporcle Events
Private Events
Virtual Trivia
Globe League
Become a Host
Pub Owners
SporcleCon
Opinionation
Our Games
Videos
Blog
Mobile Apps
Partnerships
Remove Ads and Go Orange
Feedback
Gaming
Video Games
Board Games
Card Games
Pokémon
Mario
Nintendo
Minecraft
Console
Toys
Legend of Zelda
Gaming
Video Games
Board Games
Card Games
Pokémon
Mario
Nintendo
Minecraft
Console
Toys
Legend of Zelda
Random Quiz
Search Sporcle
×
Quiz Lab
Quiz Lab
Gaming
Video Games
Type in answers that appear in a list
Type in answers that appear in a list
Classic
Best Score? Go Orange.
Pokémon by Unique Type Combinations (Gen 6) Stats
Can you name a Pokémon or evolutionary line that has the unique type combination given?
By
blueflower999
9m
62 Questions
139 Plays
139 Plays
139 Plays
Comments
Comments
Give Quiz Kudos
Give Quiz Kudos
-
- Ratings
hide this ad
Random Order
Randomize order of answers
Randomize order of answers
Replay
Link that replays current quiz
Next Quiz
Link to next quiz in quiz playlist
You Got
0%
They Got
Avg Score
73%
Avg Friend Score
Upgrade to see
Score Distribution
Jump to the score distribution portion of the page
Score
0/62
Timer
09:00
0
Plays Today
Hint
Pokémon
% Correct
Electric/
Ghost
Rotom
84.9%
Ghost/
Dragon
Giratina
84.2%
Dark/
Fire
Houndour and Houndoom
84.2%
Ghost/
Poison
Gastly, Haunter, and Gengar
83.5%
Steel/
Flying
Skarmory
83.5%
Flying
Tornadus
82.7%
Grass/
Ice
Snover and Abomasnow
82.7%
Ghost/
Fire
Litwick, Lampent, and Chandelure
82%
Dragon/
Ice
Kyurem
81.3%
Dark/
Dragon
Deino, Zweilous, and Hydreigon
81.3%
Bug/
Fire
Larvesta and Volcarona
80.6%
Steel/
Dragon
Dialga
80.6%
Ice/
Ghost
Froslass
80.6%
Poison/
Fighting
Croagunk and Toxicroak
79.9%
Bug/
Ghost
Shedinja
79.9%
Water/
Grass
Lotad, Lombre, and Ludicolo
79.9%
Electric/
Steel
Magnemite, Magneton, and Magnezone
79.9%
Ice/
Ground
Swinub, Piloswine, and Mamoswine
79.1%
Fighting/
Flying
Hawlucha
78.4%
Bug/
Water
Surskit
78.4%
Fire/
Water
Volcanion
78.4%
Water/
Ghost
Frillish and Jellicent
78.4%
Grass/
Steel
Ferroseed and Ferrothorn
78.4%
Bug/
Fighting
Heracross
77.7%
Fire/
Steel
Heatran
77.7%
Steel/
Ghost
Honedge, Doublade, and Aegislash
77%
Poison/
Flying
Zubat, Golbat, and Crobat
76.3%
Fire/
Rock
Magcargo
75.5%
Normal/
Water
Bibarel
74.8%
Water/
Steel
Empoleon
74.8%
Dark/
Ice
Sneasel and Weavile
74.8%
Hint
Pokémon
% Correct
Fire/
Normal
Litleo and Pyroar
74.1%
Bug/
Electric
Joltik and Galvantula
73.4%
Water/
Fairy
Marill and Azumarill
73.4%
Grass/
Ground
Torterra
73.4%
Ground/
Electric
Stunfisk
71.9%
Ice/
Psychic
Smoochum and Jynx
71.9%
Electric/
Fairy
Dedenne
71.2%
Psychic/
Ghost
Hoopa
71.2%
Fairy/
Flying
Togetic and Togekiss
71.2%
Ghost/
Flying
Drifloon and Drifblim
70.5%
Poison/
Dragon
Dragalge
69.8%
Ground/
Ghost
Golett and Golurk
69.8%
Rock/
Dark
Tyranitar
69.8%
Electric/
Normal
Helioptile and Heliolisk
69.1%
Dragon/
Psychic
Latios and Latias
67.6%
Rock/
Ice
Amaura and Aurorus
66.2%
Dark/
Steel
Pawniard and Bisharp
66.2%
Ground/
Psychic
Baltoy and Claydol
65.5%
Rock/
Grass
Lileep and Cradily
65.5%
Dragon/
Fairy
Mega Altaria
65.5%
Normal/
Ground
Diggersby
64.7%
Rock/
Dragon
Tyrunt and Tyrantrum
64%
Electric/
Fire
Rotom Heat
64%
Normal/
Grass
Deerling and Sawsbuck
63.3%
Grass/
Dragon
Mega Sceptile
63.3%
Grass/
Fairy
Cottonee and Whimsicott
63.3%
Poison/
Ground
Nidoqueen and Nidoking
62.6%
Ground/
Dark
Sandile, Krokorok, and Krookodile
61.9%
Electric/
Grass
Rotom Mow
60.4%
Electric/
Ice
Rotom Frost
59.7%
Rock/
Fighting
Terrakion
55.4%
Quiz Playlist
Details
Report
Send in Message
Add To Playlist
Classic:
Type in answers that appear in a list
Random Order:
Randomize order of answers
Last Updated: Feb 16, 2017
Quiz Scoreboard
CHALLENGE
Sign Up to Join the Scoreboard
Show All
Scores
Hide
Comments
May contain spoilers
Recently Published
Presidents Visiting Landmarks
by Hejman
History
7m
An Introduction to Baseball
by treessimontrees
Sports
5m
Movies - When Are They Set?
by FPL_Elf
Movies
5m
More to Explore
Quiz From the Vault
Featured Blog Post
Where Did the Easter Bunny Come From?
hide this ad
You Might Also Like...
Tags
Pokémon Quiz
Video Games Quiz
By Type
Unique Type
Unique Types
Today's Top Quizzes in Gaming
Browse Gaming
hide this ad
Today's Top Quizzes in Video Games
Browse Video Games
Top Contributed Quizzes in Gaming
1
5-to-1: Consoles
2
7-to-1: Board Game Piece Blitz
3
5-to-1: Legend of Zelda
4
Destiny 2 exotic weapons by perk icons
5
Ultimate Genshin Impact Logic Puzzle (up to 4.3)
6
Franchise by Action Figure
7
Overwatch Logic Puzzle
8
Who's on the WWE 2K24 Cover?
9
Genshin Impact Logic Puzzle Quiz
10
Windmill: Pokémon
Explore More
Trending Topics
Harry Potter
Crossword
Kpop
Marvel
NBA
Disney
Anime
Puzzle
Pokémon
NFL
Song
Soccer
The Office
WWE
Country
hide this ad
More By:
blueflower999
Quiz
Plays
Rating
Category
Featured
Created
Ace Attorney Characters By Facts
2,763
4.75
Gaming
Jun 21, 2014
Mega Man Robot Masters By Weapons
394
5.00
Gaming
Jan 23, 2016
All Ace Attorney Cases (Includes GK2)
356
4.67
Gaming
Jan 15, 2016
Element Location Clicker
221
5.00
Science
Feb 28, 2016
Franchises By Smash Bros Brawl Track
152
5.00
Gaming
Jun 23, 2014
Go to Creator's Profile
Score Distribution
Quiz Creator Spotlight
blueflower999
Follow
Send a Message
Quizzes Created
-
Created Quiz Play Count
-
More By This Creator
Popular Quizzes Today
1
Find the US States - No Outlines Minefield
2
Find the Countries of Europe - No Outlines Minefield
3
The Countries of the World
4
Find the US States
5
Popular People in 1961
6
US States
7
Risky Map Clicking: Biggest States A-Z
8
1-10 Letter E Words III
More Gaming Quizzes
Hidden Words: Pokemon (Generation I)
Quiz Lab
Trending Quizzes
Risky Map Clicking: Least Populous States A-Z
1-10 Letter G Words
1-10 Letter F Words
One Thing in Common: United Kingdom
Risky Map Clicking: Next State Alphabetically
Recently Updated
Leaping Animals
pecheneg
Reality TV Shows (A-Z)
bhenderson79
Rickey Henderson's Hall of Fame Teammates
pecheneg
Champions League XIs: Arsenal
pecheneg
Quick Pick: Celebrities in WWE's Hall of Fame
aduchscher
A-Z Keypad Blitz II
pecheneg
Multiple Oscar Actors
pecheneg
Mystery Phrase Blitz: Oscar 'Best Actors'
pecheneg
F. Scott Fitzgerald Novels
LTH
Pick 3 Villains
ddd62291
Trending Topics
NBA
Kpop
Harry Potter
Marvel
Crossword
Disney
Anime
The Office
Soccer
Puzzle
NFL
Country
Pokémon
Song
WWE
Your Account Isn't Verified!
In order to create a playlist on Sporcle, you need to verify the email address you used during registration. Go to your
Sporcle Settings
to finish the process.
Report this User
Report this user for behavior that violates our
Community Guidelines
.
Details:
Send Report
Go to the Sporcle.com Mobile Site →
Comments